WWF position paper 2 on forest conservation and the International Tropical Timber Agreement
| Format: | Book |
|---|---|
| Published: |
Switzerland :
WWF International ,
1987
|
| Subjects: |
MARC
| LEADER | 00000cam a2200000 7i4500 | ||
|---|---|---|---|
| 001 | 0000001333 | ||
| 005 | 20140419.0 | ||
| 020 | 0 | 0 | |a 2880850096 |
| 090 | 0 | 0 | |a 634.92 |b WWF 1987 |
| 245 | 0 | 0 | |a WWF position paper 2 on forest conservation and the International Tropical Timber Agreement |
| 260 | 0 | 0 | |a Switzerland : |b WWF International , |c 1987 |
| 300 | |a 29 p. : |b ill., maps ; |c 30 cm. | ||
| 650 | 0 | 0 | |a Forest conservation |
| 998 | |a JPSM | ||
| 999 | |a 0000002182 |b Monograph |c Open Shelf |e Default branch | ||